| 000 | 00808cab a2200253 4500 | ||
|---|---|---|---|
| 001 | ABS59351 | ||
| 008 | 090401t1998 xxu||||| |||| 00| 0 eng d | ||
| 035 | _a(Sirsi) u88705 | ||
| 041 | _aeng | ||
| 100 | _aCavill, N. | ||
| 245 | 4 | _aThe A-Z of getting ahead | |
| 260 | _c1998 | ||
| 350 | _a0 | ||
| 490 |
_aBuilding Careers _vSeptember 1998, 22-24(3) |
||
| 520 | _aAdvice from recruitment consultants and personnel managers for workers in the construction industry which looks at building up a CV and applying for a new job. | ||
| 650 | _aADVICE | ||
| 650 | _aCAREERS, EDUCATION AND TRAINING | ||
| 650 | _aCURRICULUM VITAE | ||
| 650 | _aJOB HUNTING | ||
| 650 | _aRECRUITMENT CONSULTANTS | ||
| 690 | _aMANAGEMENT-BUSINESS MANAGEMENT-PROFESSIONAL PRACTICE | ||
| 942 | _n0 | ||
| 948 | _c29/09/1998 | ||
| 999 |
_c56072 _d56072 |
||